Statistics for California A-Z

Click here to take the quiz!

General Stats

  • This quiz has been taken 14,289 times
    (7,799 since last reset)
  • The average score is 20 of 26

Answer Stats

Clue Answer % Correct
SWord before Diego and JoseSan
97%
HFilm industry localeHollywood
97%
VDeath or Silicon, e.g.Valley
96%
UCompany hated by taxi driversUber
96%
OCalifornia's northern neighborOregon
95%
ESan Francisco had a bad one in 1906Earthquake
95%
DAnaheim theme parkDisneyland
92%
NWine valleyNapa
90%
YMost well-known National ParkYosemite
88%
GSought after substance of 1849Gold
86%
RTallest type of treeRedwood
85%
BFlagship campus
of the University of California
Berkeley
82%
PRose Bowl cityPasadena
75%
LFavorite word of Valley girlsLike
73%
KSacramento's NBA teamKings
72%
ICalifornia burger chainIn-n-Out
72%
CHometown of N.W.A. and Dr. DreCompton
72%
J______ Tree National ParkJoshua
71%
TSomething that prehistoric animals
got stuck in at La Brea
Tar
71%
QState bird: California Valley _____Quail
67%
XCompany that Steve Jobs
"stole" his ideas from
Xerox
65%
FPrison where Johnny Cash
recorded an album
Folsom
62%
MTerm for a Spanish outpost built to
convert Native Americans
Mission
58%
ZPopular grape varietalZinfandel
50%
ACalifornia's top agricultural exportAlmonds
41%
WTallest mountainWhitney
38%

Score Distribution

Percentile by Number Answered

Percent of People with Each Score

Your Score History

You have not taken this quiz since the last reset